00652nam a2200181 a 450000100100000000500170001000800410002704000250006808200080009310000200010124000730012124501250019426000350031930000240035450000380037870000270041670000270044300003967320201002033654.0130715s1945 ag a 000 0 spa d aDO-SdBNPbspacBNPHU axxx1 aVasari, Giorgio10aLe vite de piú celebri pittori, scultori e architettorilespañol10aVidas de pintores, escultores y arquitectos ilustres /cGiorgio Vasari ; traducción Juan B. Righini y Ernesto Bonasso. aArgentina :bEl ateneo,c1945. av. :bil. ;c24 cm. aLa biblioteca posee el volumen 2.1 aRighini, Juan B.,etr.1 aBonasso, Ernesto,etr.